书目信息 |
| 题名: |
陈鹤琴教育思想读本
|
|
| 作者: | 陈鹤琴 著 ;陈秀云 , 柯小卫 选编 | |
| 分册: | 第一辑 儿童心理 | |
| 出版信息: | 南京 南京师范大学出版社 2012 |
|
| 页数: | 336页 | |
| 开本: | 21cm | |
| 丛书名: | ||
| 单 册: | ||
| 中图分类: | B844.1-53 , G40-092.74 | |
| 科图分类: | ||
| 主题词: | 教育思想 , 儿童心理学 , 儿童心理学--文集 | |
| 电子资源: | ||
| ISBN: | 978-7-5651-0709-2 | |
| 000 | 01264nam0 2200325 45 | |
| 001 | 1355709983 | |
| 005 | 20130515144526.85 | |
| 010 | @a978-7-5651-0709-2@dCNY28.00 | |
| 100 | @a20130108d2012 em y0chiy50 ea | |
| 101 | 0 | @achi |
| 102 | @aCN@b320000 | |
| 105 | @aa z 000yy | |
| 106 | @ar | |
| 200 | 1 | @a陈鹤琴教育思想读本@AChen He Qin Jiao Yu Si Xiang Dou Ben@h第一辑@HDi Yi Ji@i儿童心理@IEr Tong Xin Li@f陈鹤琴著@FChen He Qin Zhu@g陈秀云,柯小卫选编 |
| 210 | @a南京@c南京师范大学出版社@d2012 | |
| 215 | @a336页@c照片@d21cm | |
| 304 | @a英文共同题名:Chen Heqin&39;s selected works on education | |
| 330 | @a本书分三部分,第一部分是《儿童心理之研究》的缩编版;第二部分是陈鹤琴担任南京师范学院首任院长期间所著的《儿童心理学》;第三部分收录了陈鹤琴早期发表的儿童心理与儿童教育研究方面的文章。 | |
| 600 | 0 | @a陈鹤琴@f(1892-1982) |
| 600 | 0 | @a陈鹤琴@f(1892-1982)@x教育思想 |
| 606 | 0 | @a教育思想 |
| 606 | 0 | @a儿童心理学 |
| 606 | 0 | @a儿童心理学@j文集 |
| 690 | @aB844.1-53@v5 | |
| 690 | @aG40-092.74@v5 | |
| 701 | 0 | @a陈鹤琴@AChen He Qin@f(1892~1982)@4著 |
| 702 | 0 | @a陈秀云@AChen Xiu Yun@g(女,@f1927~)@4选编 |
| 702 | 0 | @a柯小卫@AKe Xiao Wei@f(1957.9~)@4选编 |
| 801 | @aCN@bTANGWEI@c20130111 | |
| 905 | @b0831850-54@dB844.1-53@e1147@f5 | |
| 陈鹤琴教育思想读本.第一辑.儿童心理/陈鹤琴著/陈秀云,柯小卫选编.-南京:南京师范大学出版社,2012 |
| 336页:照片;21cm |
| ISBN 978-7-5651-0709-2:CNY28.00 |
| 本书分三部分,第一部分是《儿童心理之研究》的缩编版;第二部分是陈鹤琴担任南京师范学院首任院长期间所著的《儿童心理学》;第三部分收录了陈鹤琴早期发表的儿童心理与儿童教育研究方面的文章。 |
| ● |
| 相关链接 |
|
|
|
|
正题名:陈鹤琴教育思想读本
索取号:B844.1-53/1147
 
预约/预借
| 序号 | 登录号 | 条形码 | 馆藏地/架位号 | 状态 | 备注 |
| 1 | 0831850 | 208318505 | 第一样本阅览室/ [索取号:B844.1-53/1147] | 在馆 | |
| 2 | 0831851 | 208318514 | 教育系资料室/ [索取号:B844.1-53/1147] | 在馆 | |
| 3 | 0831852 | 208318523 | 教育系资料室/ [索取号:B844.1-53/1147] | 在馆 | |
| 4 | 0831853 | 208318532 | 教育系资料室/ [索取号:B844.1-53/1147] | 在馆 | |
| 5 | 0831854 | 208318541 | 第一借阅区/ [索取号:B844.1-53/1147] | 在馆 |